000 00746nam a2200229Ii 4500
003 JO-AjNU
008 230605s9999||||xx |||||||||||||| ||und||
017 _a1427/708
020 _a9960-53-018-3
040 _aJO-AjNU
_bara
_erda
_cJO-AjNU
041 _aara
050 1 4 _aBP135.8 2006
100 3 _aتاليف الخزيم، محمد بن صالح بن سليمان,
_eauthor
_949028
245 0 0 _aالإمامة والأذان في الميزان
250 _aط1
264 3 1 _aالرياض: دار القاسم للنشر، 2006
300 _a80ص
336 _atext
_btxt
_2rdacontent
337 _aunmediated
_bn
_2rdamedia
338 _avolume
_bnc
_2rdacarrier
650 4 _aالاسلام - الصلاة - العبادات
_949029
999 _aA21509
_c25077
_d25077